00660nam a2200217 a 450000100060000000300080000600500170001400800410003102000220007203500190009404000270011304100080014008200240014810000260017224500820019825000120028026000480029230000280034050400510036865000230041972185BD-RjUL20211209082224.0170514s1993 enka b 001 0 eng  a0198557469 (pbk.) a(BD-RjUL)72401 aDLCcDLCdBD-RjULbeng aeng00a546.6223bHEM 19931 aHenderson, Richard A.14aThe mechanism of reactions at transition metal sites /cRichard A. Henderson. a1st ed. aNew York :bOxford University Press,c1993. a87 p. :bill. ;c26 cm. aIncludes bibliographical references and index. 0aTransition metals.